[Event "SG Büchenbach/Roth e.V. 1-SW Nürnberg Sü"]
[Site "?"]
[Date "2012.12.17"]
[Round "5.1"]
[White "Eiber, Manfred"]
[Black "Hofer, Markus"]
[Result "0-1"]
[WhiteElo "2100"]
[BlackElo "2135"]
[PlyCount "124"]
[EventDate "2012.??.??"]
[WhiteTeam "SW Nürnberg Süd e.V. 2"]
[BlackTeam "SG Büchenbach/Roth e.V. 1"]

1. d4 d5 2. Nf3 Nf6 3. e3 Bf5 4. c4 c6 5. Qb3 Qb6 6. Nc3 e6 7. Be2 Nbd7 8. Bd2
Be7 9. Qxb6 axb6 10. cxd5 exd5 11. h3 b5 12. g4 Bg6 13. Nh4 b4 14. Nxg6 hxg6
15. Nd1 Ne4 16. Bd3 Nb6 17. b3 Kd7 18. Rh2 Ng5 19. Rh1 Ne4 20. Rh2 Bd6 21. f4
Nxd2 22. Kxd2 g5 23. Rh1 gxf4 24. exf4 Bxf4+ 25. Ke2 Bg5 26. Nf2 Rhe8+ 27. Kf3
Re3+ 28. Kg2 Bf6 29. Bf5+ Kd6 30. Rhd1 Re2 31. Kf3 Rexa2 32. Rxa2 Rxa2 33. Nd3
g6 34. Nxb4 Ra3 35. Bc2 Nc4 36. Kf4 Na5 37. g5 Be7 38. Rb1 Kc7 39. Nd3 Ra2 40.
Rb2 Bd6+ 41. Kf3 Rxb2 42. Nxb2 b6 43. Nd3 Nb7 44. Kg4 Nd8 45. Ne1 Bf8 46. Nf3
Bg7 47. Ne5 Kd6 48. Nxf7+ Nxf7 49. Bxg6 Ke7 50. Bc2 Nd6 51. h4 Bxd4 52. h5 Be3
53. h6 Nf7 54. h7 Bxg5 55. h8=Q Nxh8 56. Kxg5 Nf7+ 57. Kf5 Kd6 58. Kf6 Ne5 59.
Bd1 d4 60. Kf5 Kd5 61. Kf4 c5 62. Bh5 b5 0-1

[Event "SG Büchenbach/Roth e.V. 1-SW Nürnberg Sü"]
[Site "?"]
[Date "2012.12.17"]
[Round "5.2"]
[White "Hacker, Jonas"]
[Black "Erlbeck, Peter"]
[Result "1-0"]
[WhiteElo "2047"]
[BlackElo "2043"]
[PlyCount "39"]
[EventDate "2012.??.??"]
[WhiteTeam "SG Büchenbach/Roth e.V. 1"]
[BlackTeam "SW Nürnberg Süd e.V. 2"]

1. e4 c5 2. Nf3 Nc6 3. d4 cxd4 4. Nxd4 Nf6 5. Nc3 e6 6. Ndb5 d6 7. Bf4 e5 8.
Bg5 a6 9. Na3 b5 10. Nd5 Be7 11. Bxf6 Bxf6 12. c4 b4 13. Nc2 Rb8 14. Qf3 Bg5
15. b3 Be6 16. Bd3 a5 17. Rd1 Qd7 18. Qg3 Bh6 19. Be2 O-O 20. Nf6+ 1-0

[Event "SG Büchenbach/Roth e.V. 1-SW Nürnberg Sü"]
[Site "?"]
[Date "2012.12.17"]
[Round "5.3"]
[White "Bolten, Daniel"]
[Black "Vasilache, Catalin"]
[Result "1-0"]
[WhiteElo "1977"]
[BlackElo "1977"]
[PlyCount "49"]
[EventDate "2012.??.??"]
[WhiteTeam "SW Nürnberg Süd e.V. 2"]
[BlackTeam "SG Büchenbach/Roth e.V. 1"]

1. c4 e6 2. Nf3 Nf6 3. g3 b6 4. Bg2 Bb7 5. O-O c5 6. Nc3 Be7 7. d4 d5 8. dxc5
Bxc5 9. cxd5 Nxd5 10. Qa4+ Bc6 11. Qg4 Nxc3 12. bxc3 O-O 13. Bg5 f5 14. Qc4 Qd5
15. Qb3 Qe4 16. c4 Qg4 17. Bf4 Nd7 18. Rad1 Rfd8 19. Rxd7 Bxd7 20. Ne5 Qh5 21.
Bxa8 Be8 22. Bf3 Qh3 23. Bg5 Rd6 24. Bh4 f4 25. Bg4 1-0

[Event "SG Büchenbach/Roth e.V. 1-SW Nürnberg Sü"]
[Site "?"]
[Date "2012.12.17"]
[Round "5.4"]
[White "Häckler, Daniel"]
[Black "Just, Hannes"]
[Result "0-1"]
[WhiteElo "2074"]
[BlackElo "2047"]
[PlyCount "68"]
[EventDate "2012.??.??"]
[WhiteTeam "SG Büchenbach/Roth e.V. 1"]
[BlackTeam "SW Nürnberg Süd e.V. 2"]

1. e4 e5 2. Nc3 Nf6 3. f4 d5 4. fxe5 Nxe4 5. Nf3 Bg4 6. Be2 Nc6 7. d3 Nc5 8.
Bg5 Qd7 9. O-O Ne6 10. Bh4 h6 11. h3 Bh5 12. g4 g5 13. Bg3 Bg6 14. d4 h5 15.
Qd2 hxg4 16. hxg4 Be7 17. Nd1 Rh3 18. Kf2 Be4 19. c3 O-O-O 20. Ne3 Rdh8 21. Rg1
f6 22. Bf1 R3h7 23. Bg2 fxe5 24. dxe5 Rf7 25. Ke2 Nf4+ 26. Bxf4 Rxf4 27. Nd4
Nxe5 28. Bxe4 Rxe4 29. Kd1 Rh3 30. Ndf5 Bc5 31. Re1 Bxe3 32. Nxe3 Rhxe3 33.
Rxe3 Nc4 34. Rxe4 Nxd2 0-1

[Event "SG Büchenbach/Roth e.V. 1-SW Nürnberg Sü"]
[Site "?"]
[Date "2012.12.17"]
[Round "5.5"]
[White "Wörl, Richard"]
[Black "Braun, Michael"]
[Result "1-0"]
[WhiteElo "1950"]
[BlackElo "1896"]
[PlyCount "78"]
[EventDate "2012.??.??"]
[WhiteTeam "SW Nürnberg Süd e.V. 2"]
[BlackTeam "SG Büchenbach/Roth e.V. 1"]

1. e4 e5 2. Nf3 Nc6 3. d4 exd4 4. Bc4 Be7 5. O-O d6 6. Nxd4 Nxd4 7. Qxd4 Bf6 8.
Qd3 Ne7 9. Nc3 Nc6 10. f4 O-O 11. Nd5 Be6 12. c3 Na5 13. Be3 Kh8 14. Bb3 Nxb3
15. axb3 a6 16. Rad1 Bxd5 17. Qxd5 b6 18. Qc6 Qe7 19. e5 Rad8 20. Bxb6 dxe5 21.
Bc5 Qe8 22. Rxd8 Bxd8 23. Qd5 Be7 24. fxe5 Qb5 25. b4 Rd8 26. Qxf7 Bxc5+ 27.
bxc5 Qxc5+ 28. Kh1 h6 29. e6 Qb5 30. e7 Rb8 31. Rd1 Kh7 32. h3 Qe8 33. Qf5+ Kh8
34. Qe5 Rc8 35. Rf1 Qg8 36. Qf5 Re8 37. Qd7 Kh7 38. Qf5+ g6 39. Qf8 Rxf8 1-0

[Event "SG Büchenbach/Roth e.V. 1-SW Nürnberg Sü"]
[Site "?"]
[Date "2012.12.17"]
[Round "5.6"]
[White "Kuhlemann, Alexander"]
[Black "Werner, Thomas"]
[Result "1-0"]
[WhiteElo "1906"]
[BlackElo "1941"]
[PlyCount "59"]
[EventDate "2012.??.??"]
[WhiteTeam "SG Büchenbach/Roth e.V. 1"]
[BlackTeam "SW Nürnberg Süd e.V. 2"]

1. f4 d5 2. Nf3 Nf6 3. e3 c5 4. b3 g6 5. Bb2 Bg7 6. Be2 O-O 7. O-O Nc6 8. Ne5
Qc7 9. Na3 a6 10. c4 e6 11. Nxc6 Qxc6 12. Rc1 b6 13. Qc2 Bb7 14. Bf3 Qd7 15. d4
cxd4 16. Bxd4 b5 17. Qb2 Ne8 18. Rfd1 Bxd4 19. Qxd4 Qe7 20. Nb1 bxc4 21. bxc4
dxc4 22. Bxb7 Qxb7 23. Rxc4 Ng7 24. Nc3 Nf5 25. Qe5 Rac8 26. Rxc8 Rxc8 27. Ne4
Qc7 28. Nf6+ Kh8 29. Qxc7 Rxc7 30. Rd8+ 1-0

[Event "SG Büchenbach/Roth e.V. 1-SW Nürnberg Sü"]
[Site "?"]
[Date "2012.12.17"]
[Round "5.7"]
[White "Diehl, Achim"]
[Black "Dietrich, Jochen"]
[Result "1/2-1/2"]
[WhiteElo "1987"]
[BlackElo "1881"]
[PlyCount "117"]
[EventDate "2012.??.??"]
[WhiteTeam "SW Nürnberg Süd e.V. 2"]
[BlackTeam "SG Büchenbach/Roth e.V. 1"]

1. e4 d6 2. d4 Nf6 3. f3 Nbd7 4. Nh3 c6 5. Be2 e5 6. Nf2 Be7 7. f4 Qb6 8. c3
exf4 9. Nd2 O-O 10. Nc4 Qd8 11. Bxf4 d5 12. Nd2 dxe4 13. Nfxe4 Nd5 14. O-O N7f6
15. Nxf6+ Nxf6 16. Nf3 Nd5 17. Bd2 Be6 18. a4 Qc7 19. Ng5 Bxg5 20. Bxg5 f6 21.
Bd2 Rfe8 22. c4 Ne7 23. Bd3 Bf7 24. Qg4 Qc8 25. Qf3 Qd7 26. Bc3 Rad8 27. a5 Bg6
28. Rad1 Bxd3 29. Qxd3 Ng6 30. g3 Re7 31. Bb4 Re6 32. Bc5 a6 33. Qf5 Re2 34.
Qxd7 Rxd7 35. Rf2 Rxf2 36. Kxf2 Kf7 37. Ke2 Ke6 38. Rf1 Ne7 39. Kd3 Nf5 40.
Re1+ Kf7 41. b4 Nd6 42. Re2 Ne8 43. Ke4 Nd6+ 44. Kd3 Ne8 45. Rb2 Nc7 46. Bb6
Ne8 47. b5 axb5 48. cxb5 cxb5 49. Rxb5 Nd6 50. Rh5 h6 51. g4 Nc8 52. Bc5 Ne7
53. Kc4 Nc6 54. Bb6 Ke7 55. Rb5 Kf7 56. Rd5 Ke6 57. Rf5 Kf7 58. h3 Ne7 59. Rf2
1/2-1/2

[Event "SG Büchenbach/Roth e.V. 1-SW Nürnberg Sü"]
[Site "?"]
[Date "2012.12.17"]
[Round "5.8"]
[White "Braun, Robert"]
[Black "Rhein, Thomas"]
[Result "0-1"]
[WhiteElo "1938"]
[BlackElo "1813"]
[PlyCount "86"]
[EventDate "2012.??.??"]
[WhiteTeam "SG Büchenbach/Roth e.V. 1"]
[BlackTeam "SW Nürnberg Süd e.V. 2"]

1. e4 c6 2. d4 d5 3. e5 c5 4. c3 cxd4 5. cxd4 Nc6 6. Nc3 Be6 7. Nf3 Qd7 8. Bb5
Bg4 9. Be3 e6 10. h3 Bxf3 11. Qxf3 Bb4 12. Qg4 f6 13. O-O f5 14. Qg3 Qf7 15.
Rac1 Nge7 16. a3 Ba5 17. Bxc6+ Nxc6 18. Nb5 O-O 19. Nd6 Qd7 20. f4 Rab8 21. b4
Bc7 22. Nb5 a6 23. Nxc7 Qxc7 24. Rc5 Qd7 25. Rfc1 Rfc8 26. Bf2 Na7 27. Qb3 Rxc5
28. dxc5 Nc6 29. g4 g6 30. gxf5 gxf5 31. Kh2 Ne7 32. a4 Ng6 33. b5 axb5 34.
axb5 Nxf4 35. Qa4 Ng6 36. Qa7 Qc7 37. c6 Qxe5+ 38. Kg1 bxc6 39. bxc6 Rc8 40.
Bd4 Qg3+ 41. Kf1 Nf4 42. Rc2 Qd3+ 43. Kg1 Qd1+ 0-1

[Event "SF Fürth 1951 e.V. 1-SW Nürnberg Süd e.V. 3"]
[Site "?"]
[Date "2012.12.17"]
[Round "5.1"]
[Board "1"]
[White "Luther, Helmut"]
[Black "Wittmann, Karl"]
[Result "0-1"]
[WhiteElo "1953"]
[BlackElo "2025"]
[WhiteTeam "SW Nürnberg Süd e.V. 3"]
[BlackTeam "SF Fürth 1951 e.V. 1"]

1.d4 Nf6 2.Nf3 d5 3.g3 Bf5 4.Bg2 h6 5.O-O e6 6.c4 c6 7.Nc3 Be7 8.b3 Ne4 9.Bb2 Nxc3 10.Bxc3 Be4 11.c5
Nd7 12.b4 O-O 13.a4 f5 14.Qb3 Qe8 15.Bd2 g5 16.Ne1 Bxg2 17.Kxg2 Bf6 18.Nc2 Qg6 19.Rae1 Bg7 20.b5 Rab8
21.Qd3 e5 22.e3 e4 23.Qe2 f4 24.f3 g4 0-1

[Event "SF Fürth 1951 e.V. 1-SW Nürnberg Süd e.V. 3"]
[Site "?"]
[Date "2012.12.17"]
[Round "5.2"]
[Board "2"]
[White "Kuehn, Daniel"]
[Black "Kuhn, Christian"]
[Result "1/2-1/2"]
[WhiteElo "2058"]
[BlackElo "1842"]
[WhiteTeam "SF Fürth 1951 e.V. 1"]
[BlackTeam "SW Nürnberg Süd e.V. 3"]

1.e4 e5 2.Nf3 Nf6 3.Nxe5 d6 4.Nf3 Nxe4 5.Nc3 Nxc3 6.dxc3 Be7 7.Be3 O-O 8.Qd2 Nc6 9.O-O-O Be6 10.Nd4
Nxd4 11.cxd4 d5 12.f4 Bf5 13.Rg1 Be4 14.g4 f5 15.gxf5 Bxf5 16.Bd3 Qd7 17.Qg2 Bf6 18.Bf2 Rae8 19.h4
Be4 20.Qg3 Qf5 1/2-1/2

[Event "SF Fürth 1951 e.V. 1-SW Nürnberg Süd e.V. 3"]
[Site "?"]
[Date "2012.12.17"]
[Round "5.3"]
[Board "3"]
[White "Billmann, Andreas"]
[Black "Basting, Steffen"]
[Result "1/2-1/2"]
[WhiteElo "1915"]
[BlackElo "2022"]
[WhiteTeam "SW Nürnberg Süd e.V. 3"]
[BlackTeam "SF Fürth 1951 e.V. 1"]

1.d4 Nf6 2.c4 g6 3.Nc3 Bg7 4.e4 d6 5.Nf3 O-O 6.h3 e5 7.d5 a5 8.Be3 Na6 9.g4 Nc5 10.Qc2 c6 11.O-O-O
cxd5 12.exd5 b6 13.Rg1 Bd7 14.Be2 Rc8 15.Nd2 Na6 16.g5 Bf5 17.Qb3 Nd7 18.Nde4 Ndc5 19.Nxc5 Nxc5
20.Qa3 Qd7 21.h4 Ra8 22.h5 gxh5 23.Bxh5 Rfc8 24.Kd2 Nd3 25.Be2 Nc5 26.f3 e4 27.Bxc5 Bxc3+ 28.Qxc3
Rxc5 29.fxe4 Bxe4 30.b3 Re8 31.Qf6 Qh3 32.Rgf1 Bg6 33.Rf3 Qh2 34.Re1 b5 35.Rf2 Qh4 36.Rf4 Qh2 37.Rf2
Qh4 38.Rf4 Qh2 1/2-1/2

[Event "SF Fürth 1951 e.V. 1-SW Nürnberg Süd e.V. 3"]
[Site "?"]
[Date "2012.12.17"]
[Round "5.4"]
[Board "4"]
[White "Pasedag, Peter"]
[Black "Lais, Thomas"]
[Result "1-0"]
[WhiteElo "2098"]
[BlackElo "1908"]
[WhiteTeam "SF Fürth 1951 e.V. 1"]
[BlackTeam "SW Nürnberg Süd e.V. 3"]

1.d4 Nf6 2.Nf3 g6 3.e3 Bg7 4.c4 O-O 5.Be2 d5 6.cxd5 Nxd5 7.e4 Nb6 8.a4 a5 9.O-O Bg4 10.Be3 N8d7
11.Nc3 c6 12.Qb3 Bxf3 13.Bxf3 e5 14.dxe5 Bxe5 15.Rfd1 Qc7 16.g3 c5 17.Rac1 Kg7 18.Bg2 Rfd8 19.Nb5 Qb8
20.f4 c4 21.Qa3 Bc7 22.Bd4+ Kg8 23.Qe3 Re8 24.b3 Rc8 25.e5 Ra6 26.bxc4 Re8 27.c5 Nc8 28.Qf3 Rc6 29.Qb3
Ra6 30.Bd5 Rf8 31.Nxc7 Qxc7 32.Qxb7 Qxb7 33.Bxb7 Ra7 34.c6 Rxb7 35.cxb7 Nd6 36.exd6 1-0

[Event "SF Fürth 1951 e.V. 1-SW Nürnberg Süd e.V. 3"]
[Site "?"]
[Date "2012.12.17"]
[Round "5.5"]
[Board "5"]
[White "Siptitz, Friedrich, Dr."]
[Black "Schöller, Wolfgang"]
[Result "1-0"]
[WhiteElo "1933"]
[BlackElo "1999"]
[WhiteTeam "SW Nürnberg Süd e.V. 3"]
[BlackTeam "SF Fürth 1951 e.V. 1"]

1.d4 d5 2.Nf3 Nf6 3.g3 Bf5 4.Bg2 h6 5.c4 c6 6.Nc3 e6 7.O-O Nbd7 8.cxd5 exd5 9.Re1 Be7 10.h3 Ne4
11.g4 Nxc3 12.bxc3 Be4 13.Ne5 Bxg2 14.Kxg2 Nf6 15.f3 Bd6 16.Bf4 Qc7 17.e3 g5 18.Bh2 O-O-O 19.Rh1 Rh7
20.Qd3 Rdh8 21.Qf5+ 1-0

[Event "SF Fürth 1951 e.V. 1-SW Nürnberg Süd e.V. 3"]
[Site "?"]
[Date "2012.12.17"]
[Round "5.6"]
[Board "6"]
[White "Thiele, Heinz"]
[Black "Pidtoptanyy, Igor"]
[Result "1-0"]
[WhiteElo "1990"]
[BlackElo "1879"]
[WhiteTeam "SF Fürth 1951 e.V. 1"]
[BlackTeam "SW Nürnberg Süd e.V. 3"]

1.c4 e5 2.Nc3 Nf6 3.Nf3 Nc6 4.d3 Bb4 5.Bd2 O-O 6.e3 Re8 7.Qc2 d5 8.cxd5 Nxd5 9.Be2 Be6 10.O-O Nxc3
11.Bxc3 Bxc3 12.Qxc3 f6 13.a3 Qe7 14.Rac1 Rad8 15.b4 a6 16.Nd2 Bd5 17.Rfd1 f5 18.Bf3 e4 19.dxe4 fxe4
20.Be2 Qf7 21.Bc4 Bxc4 22.Qxc4 Qxc4 23.Nxc4 Kf7 24.Kf1 Ke6 25.Ke2 Rxd1 26.Rxd1 Rd8 27.Nd2 Kf5
28.f3 exf3+ 29.gxf3 Ne5 30.Rc1 Rd7 31.Ne4 b6 32.Ng3+ Ke6 33.f4 Ng4 34.h3 Nf6 35.e4 g6 36.Ke3 h5
37.Ne2 Kf7 38.Rc6 Re7 39.e5 g5 40.Rxf6+ 1-0

[Event "SF Fürth 1951 e.V. 1-SW Nürnberg Süd e.V. 3"]
[Site "?"]
[Date "2012.12.17"]
[Round "5.7"]
[Board "7"]
[White "Meulner, Fabian"]
[Black "Kirbach, Thomas"]
[Result "1/2-1/2"]
[WhiteElo "1723"]
[BlackElo "1936"]
[WhiteTeam "SW Nürnberg Süd e.V. 3"]
[BlackTeam "SF Fürth 1951 e.V. 1"]

1.d4 Nf6 2.Bg5 g6 3.Bxf6 exf6 4.e3 Bg7 5.c4 O-O 6.g3 d6 7.Bg2 c5 8.Ne2 Nc6 9.O-O Re8 10.Nbc3 a6
11.dxc5 dxc5 12.Qxd8 Rxd8 13.Nd5 Rb8 14.Nef4 Be6 15.Rac1 Ne5 16.Rfd1 Kf8 17.b3 Bg4 18.Rd2 Nf3+
19.Bxf3 Bxf3 20.Ng2 g5 21.Ne1 Be4 22.Rcd1 Bg6 23.Nf4 Rxd2 24.Nxg6+ fxg6 25.Rxd2 Ke7 26.Rd5 b6
27.Kf1 Rd8 28.Rxd8 Kxd8 29.Ke2 Kd7 30.Kd3 Kd6 1/2-1/2

[Event "SF Fürth 1951 e.V. 1-SW Nürnberg Süd e.V. 3"]
[Site "?"]
[Date "2012.12.17"]
[Round "5.8"]
[Board "8"]
[White "Dittmar, Thomas"]
[Black "Krasotin, Valentin"]
[Result "1-0"]
[WhiteElo "1795"]
[BlackElo "1616"]
[WhiteTeam "SF Fürth 1951 e.V. 1"]
[BlackTeam "SW Nürnberg Süd e.V. 3"]

1.d4 Nf6 2.Nf3 e6 3.c4 c5 4.d5 exd5 5.cxd5 d6 6.Nc3 a6 7.a4 Bf5 8.g3 Nbd7 9.Bg2 Rb8 10.O-O b5 11.axb5
axb5 12.Nh4 Bg6 13.e4 Be7 14.Re1 Ne5 15.f4 Nc4 16.e5 Bh5 17.exf6 Bxd1 18.fxe7 Qc8 19.Nxd1 Rb7 20.Nf5 Rg8
21.b3 g6 22.Nh6 Rg7 23.bxc4 f5 24.cxb5 Rgxe7 25.Rxe7+ Rxe7 26.Nc3 Kf8 27.Bb2 Kg7 28.Ne4+ Kxh6 29.Nxd6 Qd8
30.Be5 Rd7 31.Ra6 Rxd6 32.Rxd6 Qa5 33.h3 Qxb5 34.Rc6 c4 35.d6 c3 36.Bxc3 Qe2 37.Be5 Qh5 38.Kh2 Qe2 39.d7
Qf3 40.d8=Q 1-0

[Event "SK Nürnberg 1911 e.V. 1-SK Schwanstetten"]
[Site "?"]
[Date "2012.12.17"]
[Round "5.1"]
[White "Kroneder, Christian"]
[Black "Stierhof, Michael"]
[Result "1/2-1/2"]
[WhiteElo "2014"]
[BlackElo "2140"]
[PlyCount "33"]
[EventDate "2012.??.??"]
[WhiteTeam "SK Schwanstetten 79 e.V. 1"]
[BlackTeam "SK Nürnberg 1911 e.V. 1"]

1. e4 g6 2. d4 Bg7 3. Nc3 d6 4. Be3 Nf6 5. Qd2 Ng4 6. Bg5 h6 7. Bh4 c6 8. O-O-O
b5 9. h3 Nf6 10. e5 dxe5 11. dxe5 Qxd2+ 12. Rxd2 Nfd7 13. f4 g5 14. e6 gxh4 15.
exd7+ Nxd7 16. Nf3 Nc5 17. Bd3 1/2-1/2

[Event "SK Nürnberg 1911 e.V. 1-SK Schwanstetten"]
[Site "?"]
[Date "2012.12.17"]
[Round "5.2"]
[White "Höwel, Karl-Adolf"]
[Black "Cipra, Lothar"]
[Result "0-1"]
[WhiteElo "2019"]
[BlackElo "1953"]
[PlyCount "66"]
[EventDate "2012.??.??"]
[WhiteTeam "SK Nürnberg 1911 e.V. 1"]
[BlackTeam "SK Schwanstetten 79 e.V. 1"]

1. d4 Nf6 2. c4 e6 3. Nf3 Bb4+ 4. Bd2 Bxd2+ 5. Nbxd2 O-O 6. g3 b6 7. Bg2 Bb7 8.
O-O d6 9. Qc2 Nbd7 10. Rfd1 Qe7 11. Rac1 c5 12. dxc5 dxc5 13. Nb1 e5 14. Nc3
Rfe8 15. Ng5 Bxg2 16. Kxg2 Nf8 17. Nge4 Rad8 18. Nxf6+ Qxf6 19. Nd5 Qc6 20. Qe4
Kh8 21. Qf3 f6 22. Nc3 Qxf3+ 23. Kxf3 Ne6 24. e3 g6 25. Nb5 a6 26. Nc3 Kg7 27.
a4 Kf7 28. Nd5 Rd6 29. Rc3 Red8 30. Rcd3 Re8 31. h4 e4+ 32. Kxe4 Ng5+ 33. Kf4
Re4# 0-1

[Event "SK Nürnberg 1911 e.V. 1-SK Schwanstetten"]
[Site "?"]
[Date "2012.12.17"]
[Round "5.3"]
[White "Arlt, Michael"]
[Black "Walter, Markus"]
[Result "1/2-1/2"]
[WhiteElo "1925"]
[BlackElo "1946"]
[PlyCount "22"]
[EventDate "2012.??.??"]
[WhiteTeam "SK Schwanstetten 79 e.V. 1"]
[BlackTeam "SK Nürnberg 1911 e.V. 1"]

1. d4 c6 2. g3 d5 3. Bg2 g6 4. Nf3 Bg7 5. O-O Nh6 6. Na3 O-O 7. c4 dxc4 8. Bxh6
Bxh6 9. Nxc4 Be6 10. Qc2 Nd7 11. e4 Rc8 1/2-1/2

[Event "SK Nürnberg 1911 e.V. 1-SK Schwanstetten"]
[Site "?"]
[Date "2012.12.17"]
[Round "5.4"]
[White "Pannek, Matthias"]
[Black "Leonhardt, Frank"]
[Result "1-0"]
[WhiteElo "1957"]
[BlackElo "1886"]
[PlyCount "33"]
[EventDate "2012.??.??"]
[WhiteTeam "SK Nürnberg 1911 e.V. 1"]
[BlackTeam "SK Schwanstetten 79 e.V. 1"]

1. Nc3 e5 2. e4 Nf6 3. f4 d6 4. Nf3 Nc6 5. Bc4 Be7 6. O-O O-O 7. d3 exf4 8.
Bxf4 Na5 9. Bb3 Nxb3 10. axb3 Nh5 11. Be3 f5 12. Nd4 f4 13. Qxh5 fxe3 14. Rxf8+
Bxf8 15. Rf1 Be7 16. Qf7+ Kh8 17. Nd5 1-0

[Event "SK Nürnberg 1911 e.V. 1-SK Schwanstetten"]
[Site "?"]
[Date "2012.12.17"]
[Round "5.5"]
[White "Vogt, Peter"]
[Black "Leising, Thomas"]
[Result "1/2-1/2"]
[WhiteElo "1885"]
[BlackElo "1948"]
[PlyCount "42"]
[EventDate "2012.??.??"]
[WhiteTeam "SK Schwanstetten 79 e.V. 1"]
[BlackTeam "SK Nürnberg 1911 e.V. 1"]

1. e4 c5 2. Nf3 d6 3. d4 cxd4 4. Nxd4 Nf6 5. Nc3 Nc6 6. Bg5 e6 7. Qd2 a6 8.
O-O-O h6 9. Bxf6 Qxf6 10. Nxc6 bxc6 11. f4 Be7 12. h4 h5 13. Be2 g6 14. Bf3 e5
15. f5 Bb7 16. Rdf1 Qg7 17. Kb1 gxf5 18. exf5 d5 19. Qf2 Bd8 20. Qc5 Qf8 21.
Qe3 f6 1/2-1/2

[Event "SK Nürnberg 1911 e.V. 1-SK Schwanstetten"]
[Site "?"]
[Date "2012.12.17"]
[Round "5.6"]
[White "Weinmann, Stefan"]
[Black "Schulz, Wilfried"]
[Result "1/2-1/2"]
[WhiteElo "1920"]
[BlackElo "1859"]
[PlyCount "101"]
[EventDate "2012.??.??"]
[WhiteTeam "SK Nürnberg 1911 e.V. 1"]
[BlackTeam "SK Schwanstetten 79 e.V. 1"]

1. d4 Nf6 2. c4 e5 3. dxe5 Ng4 4. Bf4 Bb4+ 5. Nd2 Nc6 6. Ngf3 Qe7 7. a3 Ngxe5
8. Nxe5 Nxe5 9. e3 Bxd2+ 10. Qxd2 O-O 11. Be2 d6 12. Qc3 Re8 13. Rc1 Bd7 14.
O-O b6 15. b4 a5 16. Rfd1 axb4 17. axb4 Ra2 18. Rd2 Ra7 19. c5 Rea8 20. cxd6
cxd6 21. Qd4 g5 22. Bg3 b5 23. Qxd6 Qxd6 24. Rxd6 Nc4 25. Bxc4 bxc4 26. Be5 Be6
27. b5 h5 28. b6 Rb7 29. f4 gxf4 30. exf4 Rc8 31. Kf2 Kh7 32. h3 Rc5 33. Ke3
Rb5 34. Bd4 Re7 35. Bf6 Rb7 36. Bd8 Rb3+ 37. Kf2 Rb8 38. f5 Bxf5 39. Rxc4 Ra8
40. Rd2 Bd3 41. Rd4 Bf5 42. Rd5 Bg6 43. Bc7 Re8 44. Rd7 Re6 45. R7d6 Re4 46.
Rd8 Re6 47. R8d6 Re4 48. R6d3 Rb5 49. Re3 Reb4 50. Re8 Rf5+ 51. Ke2 1/2-1/2

[Event "SK Nürnberg 1911 e.V. 1-SK Schwanstetten"]
[Site "?"]
[Date "2012.12.17"]
[Round "5.7"]
[White "Gstaltmeyr, Karl"]
[Black "Augustin, Achim"]
[Result "0-1"]
[WhiteElo "1695"]
[BlackElo "1869"]
[PlyCount "84"]
[EventDate "2012.??.??"]
[WhiteTeam "SK Schwanstetten 79 e.V. 1"]
[BlackTeam "SK Nürnberg 1911 e.V. 1"]

1. d4 c5 2. c3 d5 3. Nf3 Nc6 4. e3 e6 5. Bd3 f5 6. Nbd2 c4 7. Bc2 Bd7 8. a4 a6
9. b4 b5 10. Ne5 Nxe5 11. dxe5 Ne7 12. f4 d4 13. exd4 Nd5 14. Qf3 Bc6 15. Qg3
g6 16. O-O Nxb4 17. Bd1 Nd5 18. Bf3 Be7 19. Bxd5 Qxd5 20. axb5 axb5 21. Bb2 O-O
22. h4 Bxh4 23. Qh3 Be7 24. Nf3 Kg7 25. Kh2 Rxa1 26. Rxa1 Ra8 27. Rxa8 Bxa8 28.
Nd2 Qc6 29. Qf3 Qa6 30. Qd1 h6 31. Qb1 Qc6 32. Nf3 g5 33. fxg5 hxg5 34. Qc2 g4
35. Ng1 Bg5 36. Ba3 Bf4+ 37. Kh1 Qe8 38. Bf8+ Kxf8 39. d5 Bxd5 40. Qa2 Qh5+ 41.
Nh3 gxh3 42. Qa3+ Ke8 0-1

[Event "SK Nürnberg 1911 e.V. 1-SK Schwanstetten"]
[Site "?"]
[Date "2012.12.17"]
[Round "5.8"]
[White "Wißmeier, Bernd"]
[Black "Arlt, Birgit"]
[Result "1-0"]
[WhiteElo "1899"]
[BlackElo "1611"]
[PlyCount "47"]
[EventDate "2012.??.??"]
[WhiteTeam "SK Nürnberg 1911 e.V. 1"]
[BlackTeam "SK Schwanstetten 79 e.V. 1"]

1. e4 d5 2. exd5 Qxd5 3. Nc3 Qa5 4. d4 c6 5. Bc4 Nf6 6. Bd2 Qc7 7. Nf3 Bg4 8.
h3 Bh5 9. O-O e6 10. Re1 Be7 11. Be2 O-O 12. Ne5 Bxe2 13. Qxe2 Nbd7 14. f4 Rae8
15. Qf3 Nb6 16. g4 c5 17. Nb5 Qb8 18. Ba5 Nfd5 19. c4 f6 20. Nd7 Nxd7 21. cxd5
e5 22. d6 Bxd6 23. Qd5+ Rf7 24. Nxd6 1-0

[Event "Schachzentrum Fürth 2002 1-SC Noris-Tarr"]
[Site "?"]
[Date "2012.12.16"]
[Round "5.4"]
[White "Tesch, Wladimir"]
[Black "Karasek, Christian"]
[Result "0-1"]
[WhiteElo "1692"]
[BlackElo "2030"]
[PlyCount "48"]
[EventDate "2012.??.??"]
[WhiteTeam "Schachzentrum Fürth 2002 1"]
[BlackTeam "SC Noris-Tarrasch N 1873 e.V. 3"]

1. c4 g6 2. Nc3 Bg7 3. e4 d6 4. d3 e5 5. g3 Ne7 6. Bg2 Nbc6 7. Nge2 f5 8. b3
O-O 9. O-O f4 10. f3 g5 11. h3 Ng6 12. g4 Nce7 13. Bb2 Nh4 14. Bh1 h5 15. Rb1
c5 16. Nd5 hxg4 17. hxg4 Be6 18. Nec3 Nc6 19. Nb5 Rc8 20. Qc2 Kf7 21. Bc3 Rh8
22. Rf2 Rh6 23. Rh2 Qd7 24. Rb2 Rch8 {Handy gelaeutet} 0-1

[Event "Schachzentrum Fürth 2002 1-SC Noris-Tarr"]
[Site "?"]
[Date "2012.12.16"]
[Round "5.6"]
[White "Engel, Waldemar"]
[Black "Krauß, Hermann"]
[Result "0-1"]
[WhiteElo "1540"]
[BlackElo "1987"]
[PlyCount "48"]
[EventDate "2012.??.??"]
[WhiteTeam "Schachzentrum Fürth 2002 1"]
[BlackTeam "SC Noris-Tarrasch N 1873 e.V. 3"]

1. c4 c5 2. Nf3 Nf6 3. g3 d5 4. b3 Nc6 5. Bg2 e5 6. d3 Be7 7. Bb2 d4 8. Ng5 Qc7
9. Nd2 Ng4 10. Ngf3 f5 11. Ng1 Be6 12. h3 Nf6 13. a3 O-O 14. e4 dxe3 15. fxe3
Rad8 16. Qc2 e4 17. Kf2 Nh5 18. Nf1 Nxg3 19. d4 cxd4 20. exd4 Nxh1+ 21. Bxh1
Nxd4 22. Bxd4 Rxd4 23. Ne2 Bc5 24. Ke1 Rd3 0-1

[Event "Schachzentrum Fürth 2002 1-SC Noris-Tarr"]
[Site "?"]
[Date "2012.12.16"]
[Round "5.7"]
[White "Lutzky, Manfred"]
[Black "Borodulin, Vladimir"]
[Result "1-0"]
[WhiteElo "1923"]
[BlackElo "1650"]
[PlyCount "99"]
[EventDate "2012.??.??"]
[WhiteTeam "SC Noris-Tarrasch N 1873 e.V. 3"]
[BlackTeam "Schachzentrum Fürth 2002 1"]

1. e4 c5 2. c3 Nc6 3. d4 cxd4 4. cxd4 Qb6 5. Nf3 d6 6. Nc3 Bg4 7. Nd5 Qd8 8.
Bg5 Bxf3 9. gxf3 h6 10. Be3 e6 11. Nf4 Nf6 12. Qb3 Rb8 13. Bh3 d5 14. e5 Bb4+
15. Kf1 Nh7 16. Rg1 Ng5 17. Bg2 Ba5 18. Nh5 O-O 19. f4 Nh7 20. f5 g5 21. f6 Kh8
22. Qd1 Qb6 23. Rb1 Qb4 24. a3 Qc4+ 25. Qe2 Qxe2+ 26. Kxe2 Bb6 27. Rbd1 Na5 28.
Bf3 Rbc8 29. Rd2 Nb3 30. Rd3 Rc2+ 31. Kf1 Rxb2 32. h4 Rb1+ 33. Kg2 Rxg1+ 34.
Kxg1 Na5 35. Kh2 Nc4 36. Bc1 Rc8 37. Rd1 Na5 38. Be3 Rc3 39. Bg4 Nc4 40. Ng7
Nxe3 41. fxe3 gxh4 42. Nxe6 fxe6 43. Bxe6 Bc7 44. Kg2 Ng5 45. Bxd5 h3+ 46. Kh1
Bxe5 47. dxe5 Rxe3 48. Bc4 Rxe5 49. Rd8+ Kh7 50. Bd3+ 1-0

[Event "Schachzentrum Fürth 2002 1-SC Noris-Tarr"]
[Site "?"]
[Date "2012.12.16"]
[Round "5.8"]
[White "Kilinski, Evgeni"]
[Black "Pranschke, Gerd"]
[Result "0-1"]
[WhiteElo "1575"]
[BlackElo "1887"]
[PlyCount "102"]
[EventDate "2012.??.??"]
[WhiteTeam "Schachzentrum Fürth 2002 1"]
[BlackTeam "SC Noris-Tarrasch N 1873 e.V. 3"]

1. e4 c5 2. Bc4 e6 3. Nf3 a6 4. c3 Qc7 5. O-O d6 6. a3 Nf6 7. d3 Be7 8. Bg5
Nbd7 9. Nbd2 O-O 10. Bxf6 Nxf6 11. Re1 b5 12. Ba2 Bb7 13. Rc1 Rfd8 14. Qe2 Nd7
15. h3 Rac8 16. d4 Qb6 17. d5 e5 18. Bb1 c4 19. Qd1 Nf8 20. Nf1 Nd7 21. Ng3 g6
22. Qd2 Bf8 23. Bc2 Nc5 24. Qe3 Qc7 25. Qg5 Bg7 26. Qe3 Rf8 27. Ng5 Rce8 28.
Nf3 Bc8 29. Rf1 Qd8 30. Rcd1 Kh8 31. Kh2 Qe7 32. Qg5 f6 33. Qe3 Rf7 34. Ng1
Ref8 35. Rd2 f5 36. f4 exf4 37. Qxf4 fxe4 38. Qe3 Rxf1 39. Nxf1 Rxf1 40. Rf2
Rxf2 41. Qxf2 Qf6 42. Qxf6 Bxf6 43. Ne2 Kg7 44. g4 Be5+ 45. Kg2 Kf6 46. Kf2 h5
47. gxh5 gxh5 48. h4 Bb7 49. Ke3 Bxd5 50. Nd4 Bg3 51. b4 cxb3 0-1